[Event "Cap d'Agde op"]
[Site "Cap d'Agde"]
[Date "1996.04.??"]
[Round "3"]
[White "Boudenne, Jean Baptiste"]
[Black "Salaun, Yann"]
[Result "1/2-1/2"]
[WhiteElo "2065"]
[BlackElo "2330"]
[PlyCount "136"]
[EventDate "1996.04.??"]
[EventType "swiss"]
[EventRounds "9"]
[EventCountry "FRA"]
[SourceTitle "EXT 2016"]
[Source "ChessBase"]
[SourceDate "2015.10.08"]
[SourceVersion "1"]
[SourceVersionDate "2015.10.08"]
[SourceQuality "1"]

1. e4 c5 2. Nf3 e6 3. d4 cxd4 4. Nxd4 a6 5. Bd3 Nf6 6. c4 Nc6 7. Nxc6 dxc6 8. Be3 e5 9. f3 Nd7 10. Be2 Bc5 11. Bxc5 Nxc5 12. Qxd8+ Kxd8 13. b4 Ne6 14. Na3 Kc7 15. 0-0-0 Nd4 16. Rd2 b5 17. Nc2 Nxe2+ 18. Rxe2 bxc4 19. Na3 a5 20. b5 Be6 21. Rc2 cxb5 22. Nxb5+ Kc6 23. Na3 Kc5 24. Rd1 Kb4 25. Nb1 Rhd8 26. Rb2+ Kc5 27. Nc3 Rxd1+ 28. Kxd1 Rd8+ 29. Kc2 Rd3 30. Ne2 a4 31. Rb7 Rd8 32. Nc3 Kd4 33. Kd2 Kc5+ 34. Kc2 Kd4 35. Kd2 Kc5+ 36. Kc2 Rd7 37. Rb5+ Kd6 38. Nxa4 Ra7 39. Nc3 Ra8 40. a4 Bd7 41. Rd5+ Ke6 42. a5 Bc6 43. Rc5 Kd6 44. Rxc4 Rxa5 45. Kd2 g6 46. Ke3 Ra3 47. Kd2 Rb3 48. Kc2 Rb7 49. Nd1 f5 50. Kd2 fxe4 51. fxe4 Rf7 52. Ke3 Rf1 53. Nf2 Bb5 54. Rc2 Ra1 55. Rc3 g5 56. Kf3 h5 57. h3 Rf1 58. g4 hxg4+ 59. hxg4 Bd7 60. Kg2 Re1 61. Rd3+ Ke6 62. Kf3 Bc6 63. Rc3 Kd6 64. Rc2 Ra1 65. Rc3 Ra4 66. Re3 Ke6 67. Rc3 Kd6 68. Re3 Ke7 1/2-1/2

[Event "Wch U18"]
[Site "Menorca"]
[Date "1996.??.??"]
[Round "6"]
[White "Boudenne, Jean Baptiste"]
[Black "Banikas, Hristos"]
[Result "0-1"]
[WhiteElo "2305"]
[BlackElo "2445"]
[PlyCount "50"]
[EventDate "1996.??.??"]
[EventType "swiss"]
[EventRounds "11"]
[EventCountry "ESP"]
[SourceTitle "Juniors"]
[Source "ChessBase"]
[SourceDate "1999.07.01"]
[SourceVersion "1"]
[SourceVersionDate "1999.07.01"]
[SourceQuality "1"]

1. d4 Nf6 2. Nf3 g6 3. c4 Bg7 4. g3 0-0 5. Bg2 d6 6. 0-0 c6 7. Nc3 Nbd7 8. e4 e5 9. h3 Re8 10. Be3 exd4 11. Nxd4 Nc5 12. Qc2 Qe7 13. Rfe1 Bd7 14. b4 Ncxe4 15. Bg5 Qe5 16. Bxf6 Qxf6 17. Rxe4 Rxe4 18. Nxe4 Qxd4 19. Rd1 Qb6 20. Nxd6 Qxb4 21. c5 Be6 22. Rb1 Qa3 23. Rxb7 Bd4 24. Bxc6 Qxg3+ 25. Kf1 Bxh3+ 0-1

[Event "FRA-chT U18"]
[Site "France"]
[Date "1996.??.??"]
[Round "?"]
[White "Boudenne, Jean Baptiste"]
[Black "Fantin, Ludwig"]
[Result "1-0"]
[WhiteElo "2275"]
[BlackElo "2155"]
[PlyCount "41"]
[EventDate "1996.??.??"]
[EventType "team-tourn"]
[EventRounds "11"]
[EventCountry "FRA"]
[SourceTitle "EXT 2004"]
[Source "ChessBase"]
[SourceDate "2003.11.25"]
[SourceVersion "1"]
[SourceVersionDate "2003.11.25"]
[SourceQuality "1"]

1. e4 c5 2. Nc3 Nc6 3. f4 d6 4. Nf3 e5 5. Bc4 g6 6. 0-0 Bg7 7. fxe5 dxe5 8. Bxf7+ Kxf7 9. Nxe5+ Ke8 10. Nf7 Qd4+ 11. Kh1 Nf6 12. Nxh8 Bxh8 13. d3 Ng4 14. Qf3 Nf6 15. Bg5 Ne5 16. Qf4 Nh5 17. Qf8+ Kd7 18. Qxh8 Kc6 19. Rf6+ Nxf6 20. Bxf6 Qf2 21. Bxe5 1-0

[Event "Wch U18"]
[Site "Menorca"]
[Date "1996.??.??"]
[Round "2"]
[White "Boudenne, Jean Baptiste"]
[Black "Goloshchapov, Alexander"]
[Result "0-1"]
[WhiteElo "2305"]
[BlackElo "2455"]
[PlyCount "98"]
[EventDate "1996.??.??"]
[EventType "swiss"]
[EventRounds "11"]
[EventCountry "ESP"]
[SourceTitle "Juniors"]
[Source "ChessBase"]
[SourceDate "1999.07.01"]
[SourceVersion "1"]
[SourceVersionDate "1999.07.01"]
[SourceQuality "1"]

1. c4 Nf6 2. Nf3 g6 3. g3 Bg7 4. Bg2 0-0 5. 0-0 c6 6. d4 d5 7. Nc3 Bf5 8. Qb3 Qb6 9. Qxb6 axb6 10. cxd5 cxd5 11. Bf4 Nc6 12. Rfd1 e6 13. e3 h6 14. Bc7 Rfc8 15. Bxb6 Nd7 16. Bc5 Nxc5 17. dxc5 Ra5 18. Nd4 Rxc5 19. Nce2 Nxd4 20. Nxd4 Bxd4 21. Rxd4 Rc1+ 22. Rd1 R1c2 23. Rab1 Re2 24. Bf1 Bxb1 25. Bxe2 Bxa2 26. Bd3 Rc6 27. h4 Bc4 28. Kf1 Kg7 29. Ke2 Kf6 30. Kd2 h5 31. Bxc4 Rxc4 32. Ra1 Kf5 33. Ra7 Rb4 34. Kc3 Rb6 35. Ra4 e5 36. b3 e4 37. Rd4 Rb5 38. Rd2 Kg4 39. b4 Kf3 40. Kb3 f6 41. Ka4 Rb6 42. b5 Rd6 43. Kb4 g5 44. Kc5 Rd7 45. b6 gxh4 46. gxh4 f5 47. Rxd5 Rxd5+ 48. Kxd5 Kxf2 49. Kd6 f4 0-1

[Event "FRA-chT U18"]
[Site "France"]
[Date "1996.??.??"]
[Round "?"]
[White "Riff, Sebastien"]
[Black "Boudenne, Jean Baptiste"]
[Result "0-1"]
[WhiteElo "2225"]
[BlackElo "2275"]
[PlyCount "48"]
[EventDate "1996.??.??"]
[EventType "team-tourn"]
[EventRounds "11"]
[EventCountry "FRA"]
[SourceTitle "EXT 2004"]
[Source "ChessBase"]
[SourceDate "2003.11.25"]
[SourceVersion "1"]
[SourceVersionDate "2003.11.25"]
[SourceQuality "1"]

1. e4 e6 2. d4 d5 3. Nd2 Nf6 4. e5 Nfd7 5. f4 c5 6. c3 Nc6 7. Ndf3 Qb6 8. g3 cxd4 9. cxd4 f6 10. Bd3 Be7 11. Kf1 fxe5 12. dxe5 Nc5 13. Bb1 Qb5+ 14. Kg2 b6 15. Ne2 d4 16. Nexd4 Nxd4 17. Qxd4 Bb7 18. Re1 Rd8 19. Qf2 Nd3 20. Bxd3 Rxd3 21. Be3 Qd5 22. Rf1 Bc5 23. Rae1 Bxe3 24. Rxe3 Rd2 0-1

[Event "EU-ch U18"]
[Site "Zagan"]
[Date "1995.??.??"]
[Round "1"]
[White "Avrukh, Boris"]
[Black "Boudenne, Jean Baptiste"]
[Result "0-1"]
[WhiteElo "2430"]
[BlackElo "2270"]
[PlyCount "78"]
[EventDate "1995.??.??"]
[EventType "swiss"]
[EventRounds "11"]
[EventCountry "POL"]
[SourceTitle "EXT 1997"]
[Source "ChessBase"]
[SourceDate "1996.11.15"]
[SourceVersion "1"]
[SourceVersionDate "1996.11.15"]
[SourceQuality "1"]

1. d4 d5 2. c4 c6 3. Nc3 Nf6 4. e3 e6 5. Nf3 Nbd7 6. Bd3 Bd6 7. 0-0 0-0 8. e4 dxc4 9. Bxc4 e5 10. Bg5 a6 11. Qe2 Qc7 12. dxe5 Nxe5 13. Nxe5 Bxe5 14. f4 Bd4+ 15. Kh1 b5 16. Bb3 b4 17. Qc4 c5 18. Bxf6 Be6 19. Nd5 Bxd5 20. Qxd5 Bxf6 21. e5 Rad8 22. Qc4 Rd4 23. Qxa6 Be7 24. Qe2 Rfd8 25. Rac1 Rd2 26. Qc4 Bf8 27. e6 Qc6 28. exf7+ Kh8 29. Rf3 Rxg2 30. Qf1 Rxb2 31. Rd1 Rxd1 32. Qxd1 Rb1 33. Qxb1 Qxf3+ 34. Kg1 c4 35. Qf5 cxb3 36. Qc8 Qe3+ 37. Kg2 Qc5 38. Qxc5 Bxc5 39. axb3 g6 0-1

[Event "Cannes Martinez op"]
[Site "Cannes"]
[Date "1995.??.??"]
[Round "2"]
[White "Boudenne, Jean Baptiste"]
[Black "Anic, Darko"]
[Result "0-1"]
[WhiteElo "2270"]
[BlackElo "2410"]
[PlyCount "136"]
[EventDate "1995.07.??"]
[EventType "swiss"]
[EventRounds "9"]
[EventCountry "FRA"]
[SourceTitle "EXT 1998"]
[Source "ChessBase"]
[SourceDate "1997.11.17"]
[SourceVersion "1"]
[SourceVersionDate "1997.11.17"]
[SourceQuality "1"]

1. e4 c6 2. d4 d5 3. e5 Bf5 4. Nf3 e6 5. Be2 Nd7 6. b3 h6 7. 0-0 Ne7 8. Re1 g5 9. h4 g4 10. Nh2 h5 11. Bg5 Qa5 12. Bd2 Qb6 13. c3 c5 14. Be3 Nc6 15. a3 cxd4 16. cxd4 Bxb1 17. Rxb1 Bxa3 18. Qd3 Be7 19. g3 Nb4 20. Qd2 Nb8 21. f3 gxf3 22. Nxf3 N8c6 23. Kh2 Rc8 24. Rf1 Na5 25. Rb2 Nbc6 26. Bg5 Qb4 27. Qf4 Qc3 28. Ra2 Rc7 29. Rc1 Qb4 30. Bxe7 Qxe7 31. Bb5 Kd8 32. Bxc6 Nxc6 33. Ng5 Kc8 34. Rf2 Rf8 35. Nh7 Rg8 36. Ng5 Rg7 37. Qf6 Qxf6 38. Rxf6 Nxd4 39. Rxc7+ Kxc7 40. Nxf7 Nxb3 41. Ng5 Nc5 42. Nxe6+ Nxe6 43. Rxe6 d4 44. Kg2 Rf7 45. Rh6 d3 46. e6 Rf5 47. Rh7+ Kc6 48. Rd7 Re5 49. Rxd3 Rxe6 50. Ra3 Kb6 51. Rb3+ Kc6 52. Ra3 a6 53. Ra5 Rh6 54. g4 hxg4 55. Kg3 Kb6 56. Ra1 a5 57. Kxg4 Ka6 58. Kg5 Rh8 59. h5 b5 60. h6 b4 61. Kg6 Kb5 62. Kg7 Rxh6 63. Kxh6 b3 64. Kg5 Kb4 65. Kf4 a4 66. Ke3 b2 67. Rb1 a3 68. Kd2 Kb3 0-1

[Event "Cannes Masters"]
[Site "Cannes"]
[Date "1995.??.??"]
[Round "10"]
[White "Boudenne, Jean Baptiste"]
[Black "Goldgewicht, Lionel"]
[Result "1-0"]
[WhiteElo "2240"]
[BlackElo "2305"]
[PlyCount "79"]
[EventDate "1995.??.??"]
[EventType "tourn"]
[EventRounds "11"]
[EventCountry "FRA"]
[EventCategory "5"]
[SourceTitle "EXT 1998"]
[Source "ChessBase"]
[SourceDate "1997.11.17"]
[SourceVersion "1"]
[SourceVersionDate "1997.11.17"]
[SourceQuality "1"]

1. e4 e6 2. d4 d5 3. e5 c5 4. c3 Nc6 5. Nf3 Nge7 6. Bd3 cxd4 7. cxd4 Nf5 8. Bxf5 exf5 9. Nc3 Be6 10. h4 h6 11. g3 Be7 12. Kf1 Rc8 13. Kg2 Qd7 14. Ne2 0-0 15. Nf4 Na5 16. Nh5 Nc4 17. b3 Na3 18. Qd2 f4 19. Qxf4 Bg4 20. Nf6+ gxf6 21. exf6 Bd6 22. Ne5 Bxe5 23. dxe5 Rxc1 24. Raxc1 Qf5 25. Qxh6 Bf3+ 26. Kh2 Qg4 27. Rhe1 Re8 28. Re3 Be4 29. f3 Qg6 30. Qf4 Bf5 31. g4 Be6 32. h5 Qh7 33. Qa4 Rd8 34. Qxa3 Qh6 35. Rce1 Qf4+ 36. Kh3 d4 37. Rd3 Rc8 38. Qb2 Bf5 39. Qxd4 Rc2 40. Qxf4 1-0

[Event "Cannes Masters"]
[Site "Cannes"]
[Date "1995.??.??"]
[Round "4"]
[White "Boudenne, Jean Baptiste"]
[Black "Mestrovic, Zvonimir"]
[Result "0-1"]
[WhiteElo "2240"]
[BlackElo "2415"]
[PlyCount "86"]
[EventDate "1995.??.??"]
[EventType "tourn"]
[EventRounds "11"]
[EventCountry "FRA"]
[EventCategory "5"]
[SourceTitle "EXT 1998"]
[Source "ChessBase"]
[SourceDate "1997.11.17"]
[SourceVersion "1"]
[SourceVersionDate "1997.11.17"]
[SourceQuality "1"]

1. e4 Nc6 2. d4 d6 3. c4 e5 4. Ne2 g6 5. d5 Nce7 6. Ng3 Bg7 7. Nc3 h5 8. h4 Nf6 9. Bd3 0-0 10. f3 c5 11. Be3 a6 12. Qd2 Kh7 13. Nge2 Bd7 14. Ng1 Qc7 15. Nh3 Rfb8 16. Qe2 Kg8 17. Nf2 Qc8 18. Bg5 Kf8 19. Bxf6 Bxf6 20. g4 Qd8 21. 0-0-0 b5 22. Rdg1 bxc4 23. Bc2 Ra7 24. Qe3 hxg4 25. fxg4 Rab7 26. Nfd1 Ng8 27. g5 Bg7 28. h5 gxh5 29. Rxh5 Ne7 30. Ne2 Ng6 31. Rh7 Kg8 32. Rgh1 Bg4 33. Ng3 Nf4 34. Nf5 Bxf5 35. exf5 Qxg5 36. Kb1 e4 37. Rxg7+ Qxg7 38. Rg1 Rxb2+ 39. Nxb2 Rxb2+ 40. Kc1 Ne2+ 41. Qxe2 Rxc2+ 42. Kxc2 Qxg1 43. Qxe4 Qd4 0-1

[Event "EU-ch U18"]
[Site "Zagan"]
[Date "1995.??.??"]
[Round "11"]
[White "Boudenne, Jean Baptiste"]
[Black "Mirumian, Vigen"]
[Result "0-1"]
[WhiteElo "2270"]
[BlackElo "2415"]
[PlyCount "76"]
[EventDate "1995.??.??"]
[EventType "swiss"]
[EventRounds "11"]
[EventCountry "POL"]
[SourceTitle "EXT 1997"]
[Source "ChessBase"]
[SourceDate "1996.11.15"]
[SourceVersion "1"]
[SourceVersionDate "1996.11.15"]
[SourceQuality "1"]

1. d4 Nf6 2. Nf3 g6 3. Bg5 Bg7 4. Nbd2 d6 5. e4 h6 6. Bh4 g5 7. Bg3 Nh5 8. c3 Nd7 9. Bd3 Nxg3 10. hxg3 e6 11. Nc4 Qe7 12. Qe2 Nb6 13. Ne3 Bd7 14. g4 0-0-0 15. a4 c6 16. b4 Kb8 17. a5 Na8 18. b5 cxb5 19. Bxb5 Rc8 20. Bxd7 Qxd7 21. c4 Nc7 22. g3 d5 23. exd5 exd5 24. c5 Nb5 25. Qd3 a6 26. Rc1 Rce8 27. Kf1 Re4 28. Nf5 Bf6 29. Nd2 Rxg4 30. f3 Rxd4 31. Nxd4 Nxd4 32. Nb3 Nc6 33. Rd1 Ne5 34. Qe2 Qa4 35. Nd4 Nc4 36. Nf5 Re8 37. Qd3 Nb2 38. Qxd5 Nxd1 0-1

[Event "Santiago op"]
[Site "Santiago de Compostela"]
[Date "1995.??.??"]
[Round "?"]
[White "Carrasco Martinez, Juan Manuel"]
[Black "Boudenne, Jean Baptiste"]
[Result "1-0"]
[WhiteElo "2320"]
[BlackElo "2240"]
[PlyCount "97"]
[EventDate "1995.??.??"]
[EventType "swiss"]
[EventRounds "9"]
[EventCountry "ESP"]
[SourceTitle "EXT 1998"]
[Source "ChessBase"]
[SourceDate "1997.11.17"]
[SourceVersion "1"]
[SourceVersionDate "1997.11.17"]
[SourceQuality "1"]

1. e3 f5 2. c4 Nf6 3. Nc3 g6 4. d4 e6 5. g3 d5 6. Bg2 c6 7. b3 Nbd7 8. Nge2 Bd6 9. 0-0 0-0 10. a4 Qe7 11. a5 h5 12. Nf4 Kg7 13. h4 Ne4 14. Nce2 e5 15. dxe5 Bxe5 16. Ba3 Qf6 17. Bxf8+ Kxf8 18. Rc1 b6 19. cxd5 c5 20. f3 Nd6 21. Ne6+ Kg8 22. e4 Bb2 23. Rc2 Ba6 24. Qd2 Bxe2 25. Qxe2 Bd4+ 26. Nxd4 Qxd4+ 27. Qf2 Qd3 28. Re2 Re8 29. Rfe1 fxe4 30. fxe4 Ne5 31. Qe3 Qb5 32. axb6 axb6 33. Rf1 Ndf7 34. Bh3 Ng4 35. Bxg4 hxg4 36. Rxf7 Kxf7 37. Rf2+ Ke7 38. e5 Qb4 39. d6+ Kd7 40. Rf7+ Ke6 41. Rf4 Qa5 42. Ra4 Qb5 43. Rxg4 c4 44. Rxg6+ Kd7 45. Rg7+ Ke6 46. d7 Rd8 47. Qh6+ Kd5 48. Qd6+ Ke4 49. e6 1-0

[Event "FRA-chB"]
[Site "Toulouse"]
[Date "1995.??.??"]
[Round "10"]
[White "Peter, Sebastien"]
[Black "Boudenne, Jean Baptiste"]
[Result "0-1"]
[WhiteElo "2165"]
[BlackElo "2270"]
[PlyCount "50"]
[EventDate "1995.08.??"]
[EventType "swiss"]
[EventRounds "11"]
[EventCountry "FRA"]
[SourceTitle "EXT 1998"]
[Source "ChessBase"]
[SourceDate "1997.11.17"]
[SourceVersion "1"]
[SourceVersionDate "1997.11.17"]
[SourceQuality "1"]

1. e4 c5 2. Nf3 d6 3. d4 cxd4 4. Nxd4 Nf6 5. Nc3 a6 6. Bc4 e6 7. Bb3 b5 8. 0-0 Bb7 9. f4 b4 10. Na4 Nxe4 11. Re1 d5 12. f5 e5 13. Nf3 Bd6 14. Be3 d4 15. Bxd4 exd4 16. Nd2 Qh4 17. Nxe4 Bxe4 18. Qf3 0-0 19. Rxe4 Qxh2+ 20. Kf2 Nd7 21. Rxd4 Rae8 22. Qh3 Qe5 23. Rad1 Nf6 24. Qf3 Bb8 25. Rh4 Ne4+ 0-1

[Event "Cannes Masters"]
[Site "Cannes"]
[Date "1995.??.??"]
[Round "3"]
[White "Rosandic, Denis"]
[Black "Boudenne, Jean Baptiste"]
[Result "1/2-1/2"]
[WhiteElo "2385"]
[BlackElo "2240"]
[PlyCount "52"]
[EventDate "1995.??.??"]
[EventType "tourn"]
[EventRounds "11"]
[EventCountry "FRA"]
[EventCategory "5"]
[SourceTitle "EXT 1998"]
[Source "ChessBase"]
[SourceDate "1997.11.17"]
[SourceVersion "1"]
[SourceVersionDate "1997.11.17"]
[SourceQuality "1"]

1. e4 e5 2. Nf3 Nf6 3. Nc3 Nc6 4. d4 exd4 5. Nxd4 Bb4 6. Nxc6 bxc6 7. Bd3 d5 8. exd5 cxd5 9. 0-0 0-0 10. Bg5 c6 11. Na4 Re8 12. c3 Bd6 13. Bc2 Ba6 14. Bd3 Bxd3 15. Qxd3 Bxh2+ 16. Kh1 Bc7 17. g3 h6 18. Bxf6 Qxf6 19. Kg2 Bb6 20. c4 dxc4 21. Qxc4 Rad8 22. Nxb6 axb6 23. Rad1 c5 24. Qb5 Re4 25. Rxd8+ Qxd8 26. Qc6 Re2 1/2-1/2

[Event "Santiago op"]
[Site "Santiago de Compostela"]
[Date "1995.??.??"]
[Round "?"]
[White "Ruck, Robert"]
[Black "Boudenne, Jean Baptiste"]
[Result "0-1"]
[WhiteElo "2460"]
[BlackElo "2240"]
[PlyCount "88"]
[EventDate "1995.??.??"]
[EventType "swiss"]
[EventRounds "9"]
[EventCountry "ESP"]
[SourceTitle "EXT 1998"]
[Source "ChessBase"]
[SourceDate "1997.11.17"]
[SourceVersion "1"]
[SourceVersionDate "1997.11.17"]
[SourceQuality "1"]

1. c4 e5 2. g3 Nc6 3. Bg2 g6 4. Nc3 Bg7 5. e3 Nf6 6. Nge2 0-0 7. Rb1 Ne7 8. e4 c6 9. d3 d5 10. exd5 cxd5 11. Bg5 d4 12. Bxf6 Bxf6 13. Ne4 Bg7 14. 0-0 a5 15. a3 f5 16. Nc5 Qc7 17. b4 f4 18. Nc1 g5 19. Qh5 h6 20. Be4 g4 21. N1b3 axb4 22. axb4 Ra2 23. Ra1 Rxa1 24. Rxa1 b6 25. Na6 Qd6 26. b5 Qf6 27. Rf1 Nf5 28. Nd2 Ne3 29. fxe3 dxe3 30. Bd5+ Kh8 31. Ne4 Qe7 32. c5 e2 33. Re1 f3 34. cxb6 Bxa6 35. Qxg4 Qb4 36. Rxe2 fxe2 37. Qxe2 Qd4+ 38. Kg2 Bxb5 39. Bc4 Bxc4 40. dxc4 Qxb6 41. c5 Qc6 42. Qg4 Re8 43. h4 Rf8 44. Kh3 Qb5 0-1

[Event "Cannes Martinez op"]
[Site "Cannes"]
[Date "1995.??.??"]
[Round "5"]
[White "Szylar, Eric"]
[Black "Boudenne, Jean Baptiste"]
[Result "1-0"]
[WhiteElo "2125"]
[BlackElo "2270"]
[PlyCount "85"]
[EventDate "1995.07.??"]
[EventType "swiss"]
[EventRounds "9"]
[EventCountry "FRA"]
[SourceTitle "EXT 1998"]
[Source "ChessBase"]
[SourceDate "1997.11.17"]
[SourceVersion "1"]
[SourceVersionDate "1997.11.17"]
[SourceQuality "1"]

1. e4 c5 2. Nf3 d6 3. d4 cxd4 4. Nxd4 Nf6 5. Nc3 a6 6. Be3 Ng4 7. Bg5 h6 8. Bh4 g5 9. Bg3 Bg7 10. Be2 h5 11. h4 gxh4 12. Bxh4 Nc6 13. Nb3 Be6 14. Qd2 Qc7 15. f3 Bh6 16. Bg5 Bxg5 17. Qxg5 Nf6 18. Qe3 Ne5 19. 0-0-0 0-0-0 20. Qa7 Bxb3 21. axb3 Nc6 22. Qe3 Qa5 23. Kb1 Kb8 24. Nd5 Nb4 25. Nxb4 Qxb4 26. Bc4 Rhg8 27. Bxf7 Rxg2 28. e5 Nd7 29. exd6 e5 30. Rxh5 Rf8 31. c3 Qb5 32. Be6 Rd8 33. Bxd7 Qxb3 34. Rd2 Rxd2 35. Qxd2 Rxd7 36. Rh8+ Ka7 37. Qe3+ b6 38. Qe4 Rb7 39. Rh7 Qd1+ 40. Ka2 Rxh7 41. Qxh7+ Ka8 42. Qd7 Kb8 43. Qc6 1-0

[Event "FRA-ch Accession"]
[Site "Chambery"]
[Date "1994.??.??"]
[Round "2"]
[White "Boudenne, Jean Baptiste"]
[Black "Aubert, Laurent"]
[Result "1-0"]
[WhiteElo "2065"]
[BlackElo "2305"]
[PlyCount "101"]
[EventDate "1994.??.??"]
[EventType "swiss"]
[EventRounds "11"]
[EventCountry "FRA"]
[SourceTitle "EXT 2004"]
[Source "ChessBase"]
[SourceDate "2003.11.25"]
[SourceVersion "1"]
[SourceVersionDate "2003.11.25"]
[SourceQuality "1"]

1. e4 g6 2. d4 Bg7 3. c4 c5 4. d5 b5 5. cxb5 a6 6. bxa6 Bxa6 7. Bxa6 Rxa6 8. Ne2 d6 9. Nd2 Nf6 10. Qc2 0-0 11. 0-0 Nbd7 12. Nc4 Nb6 13. Bd2 Nxc4 14. Qxc4 Qa8 15. a4 Nd7 16. Qc2 Rb8 17. Bc3 Qb7 18. Rfb1 Qb3 19. Qxb3 Rxb3 20. Kf1 f5 21. exf5 gxf5 22. Ng3 Nb6 23. Nxf5 Bxc3 24. bxc3 Rxb1+ 25. Rxb1 Nxd5 26. c4 Nb6 27. Ne3 Nxa4 28. Ra1 Kf7 29. Nd5 Ra8 30. f4 Nb6 31. Rxa8 Nxa8 32. f5 e6 33. fxe6+ Kxe6 34. Ke2 Kd7 35. Ke3 Nc7 36. Nxc7 Kxc7 37. Ke4 Kc6 38. g4 d5+ 39. cxd5+ Kd6 40. h4 c4 41. Kd4 c3 42. Kxc3 Kxd5 43. Kd3 Ke5 44. Ke3 h6 45. Kf3 Ke6 46. Ke4 Kf6 47. Kd5 Ke7 48. Ke5 Kf7 49. Kf5 Kg7 50. Ke6 Kg6 51. h5+ 1-0